Misafir göçmen yerli Almanya'ya iş göçünün 60'ıncı yılı/ (Record no. 14739)

MARC details
000 -BAŞLIK
Sabit Uzunlukta Kontrol Alanı 00705nam a22002177a 4500
999 ## - SİSTEM KONTROL NUMARALARI (KOHA)
Koha Biblionumber 14739
Koha Biblioitemnumber 14739
003 - KONTROL NUMARASI IDENTIFIER
Denetim Alanı MIRAKIL
005 - SON İŞLEM TARİHİ VE ZAMANI
Denetim Alanı 20220111161026.0
008 - SABİT-BOY VERİ ELEMANLARI - GENEL BİLGİLER
Sabit Uzunlukta Kontrol Alanı 220111b tu ||||| |||| 00| 0 tur d
020 ## - ULUSLARARASI STANDART KİTAP NUMARASI
Uluslararası Standart Kitap Numarası 9786257288842
040 ## - KATALOGLAMA KAYNAK
Orijinal Kataloglama Ajansı TR-AnCHP
Metne Dönüştürmek Ajansı TR-AnCHP
041 ## - DİL KODU
Metin / Ses Parça Veya Ayrı Başlığın Dil Kodu tur
082 ## - DEWEY ONLU SINIFLANDIRMA NUMARASI
Sınıflandırma Numarası 304.809
Ürün Numarası M57 2021
245 ## - BAŞLIK TABLOSU
Başlık Misafir göçmen yerli Almanya'ya iş göçünün 60'ıncı yılı/
Sorumluluk Tablosu, Vb Editör: Bülent Ulus
260 ## - YAYIN, DAĞITIM, VB
Yayın, Dağıtım, Vb Yeri İstanbul:
Yayıncı, Dağıtıcı, Vs Adı İstanbul Büyükşehir Belediyesi ,
Yayın, Dağıtım, Vb Tarihi 2021.
300 ## - FİZİKSEL TANIM
Kapsam 616 s.:
Diğer Fiziksel Ayrıntıları fotğ.,
Boyutlar 27 sm.
504 ## - KAYNAKÇA VB NOT
Kaynakça Vb Notu Dizin vardır.
650 #0 - KONU KATMA GİRİŞ - TOPİKAL DÖNEM
9 (RLIN) 453
Topikal Süreli Veya Coğrafi Ad Giriş Elemanı Göç, uluslararası
Genel Alt Bölümü Türkler
Coğrafi Alt Bölümü Almanya
650 #0 - KONU KATMA GİRİŞ - TOPİKAL DÖNEM
9 (RLIN) 5542
Topikal Süreli Veya Coğrafi Ad Giriş Elemanı yabancı işçiler
Genel Alt Bölümü Almanya
700 ## - KATMA GİRİŞ - KİŞİSEL İSİM
9 (RLIN) 6935
Kişisel Ad Ulus, Bülent
Relator Terim ed.
942 ## - EKLENDİ GİRİŞ ELEMANLARI (KOHA)
Sınıflandırma Veya Raf Düzeni Kaynak Dewey Decimal Classification
Koha Öğesi Türü Books
Holdings
Kalıcı Konum Mevcut Konum Edinme Tarihi Toplam Check-Out'Lar Tam Çağrı Numarası Barkod Tarih Son Görülme İtibaren Geçerli Fiyatlar Koha Öğesi Türü
CHP Kütüphanesi CHP Kütüphanesi 01/11/2022   304.809 M57 2021 020232 01/11/2022 01/11/2022 Books
CHP Kütüphanesi CHP Kütüphanesi 06/23/2022   304.809 M57 2021 020470 06/23/2022 06/23/2022 Books